[Event "1.a HSL 19"]
[Site "Mali Losinj"]
[Date "2019.10.01"]
[Round "4.42"]
[White "Bosiocic, Marin"]
[Black "Livaic, Leon"]
[Result "0-1"]
[WhiteElo "2619"]
[BlackElo "2493"]
[PlyCount "102"]
[EventDate "2019.??.??"]
[WhiteTeam "Šk Rijeka Rijeka"]
[BlackTeam "Hašk Mladost Zagreb"]

1. d4 e6 2. c4 Nf6 3. Nf3 d5 4. g3 dxc4 5. Bg2 a6 6. O-O Nc6 7. e3 Rb8 8. Qe2
b5 9. b3 cxb3 10. axb3 Be7 11. Rd1 Bb7 12. Bb2 Nb4 13. Nc3 O-O 14. e4 Nd7 15.
Rac1 Qe8 16. Ba1 c5 17. d5 e5 18. h4 Bd6 19. h5 Bc8 20. Nh4 Nf6 21. Rd2 g6 22.
Bf3 g5 23. Ng2 h6 24. Ne3 Kh7 25. Qd1 Bd7 26. g4 Qc8 27. Rb2 Rb6 28. Nb1 Ne8
29. Rc3 Bb8 30. Qc1 Qd8 31. Rd2 Rf6 32. Nf5 Qa5 33. Qb2 Qb6 34. Rc1 Bxf5 35.
exf5 e4 36. Bxe4 Qc7 37. Bg2 Rb6 38. Nc3 Qh2+ 39. Kf1 Be5 40. Qb1 Nf6 41. Re1
Nxg4 42. Qd1 Qh4 43. Rxe5 Nxe5 44. Ne4 Qf4 45. Nxc5 Ng4 46. Qe2 Rc8 47. Bd4 Nc2
48. f6 Nxd4 49. Be4+ Kh8 50. Rxd4 Rxc5 51. Bc2 Ne3+ 0-1

[Event "1.a HSL 19"]
[Site "Mali Losinj"]
[Date "2019.10.01"]
[Round "4.44"]
[White "Tica, Sven"]
[Black "Blazeka, Matej"]
[Result "1-0"]
[WhiteElo "2419"]
[BlackElo "2385"]
[PlyCount "65"]
[EventDate "2019.??.??"]
[WhiteTeam "Šk Rijeka Rijeka"]
[BlackTeam "Hašk Mladost Zagreb"]

1. d4 Nf6 2. c4 e6 3. g3 d5 4. Bg2 dxc4 5. Nf3 a6 6. O-O Nc6 7. e3 Rb8 8. Nfd2
e5 9. dxe5 Ng4 10. Nxc4 Be6 11. Nbd2 Bb4 12. Qc2 h5 13. Rd1 Ngxe5 14. Nxe5 Nxe5
15. Ne4 Nd7 16. a3 Be7 17. b4 h4 18. Bb2 f6 19. Rac1 c6 20. Nd6+ Bxd6 21. Rxd6
Qe7 22. Rcd1 hxg3 23. hxg3 Nb6 24. Qg6+ Kf8 25. Bd4 Na4 26. Qc2 Qf7 27. Rxe6
Qxe6 28. Qxa4 Rh5 29. Bc5+ Kg8 30. Rd6 Qg4 31. Qb3+ Kh8 32. Qd3 Re5 33. Rd4 1-0

[Event "1.a HSL 19"]
[Site "Mali Losinj"]
[Date "2019.10.01"]
[Round "4.45"]
[White "Rogulj, Branko"]
[Black "Golubovic, Boris"]
[Result "1/2-1/2"]
[WhiteElo "2400"]
[BlackElo "2401"]
[PlyCount "46"]
[EventDate "2019.??.??"]
[WhiteTeam "Hašk Mladost Zagreb"]
[BlackTeam "Šk Rijeka Rijeka"]

1. e4 c6 2. d4 d5 3. e5 Bf5 4. Nf3 e6 5. Be2 Nd7 6. O-O h6 7. Nbd2 Ne7 8. Nb3
Qc7 9. Be3 g5 10. h3 O-O-O 11. a4 Bg7 12. a5 f6 13. exf6 Bxf6 14. a6 b6 15. Rc1
g4 16. hxg4 Bxg4 17. c4 dxc4 18. Rxc4 Rhg8 19. Ne1 h5 20. Nd2 Bxe2 21. Qxe2 Rg4
22. b4 b5 23. Rc1 Rdg8 1/2-1/2

[Event "1.a HSL 19"]
[Site "Mali Losinj"]
[Date "2019.10.01"]
[Round "4.46"]
[White "Petrov, Jole"]
[Black "Vujakovic, Branko"]
[Result "1/2-1/2"]
[WhiteElo "2418"]
[BlackElo "2325"]
[PlyCount "77"]
[EventDate "2019.??.??"]
[WhiteTeam "Šk Rijeka Rijeka"]
[BlackTeam "Hašk Mladost Zagreb"]

1. c4 Nf6 2. Nc3 d5 3. cxd5 Nxd5 4. g3 g6 5. Bg2 Nb6 6. d3 Bg7 7. Be3 Nc6 8.
Qd2 Nd4 9. Nf3 Nxf3+ 10. Bxf3 c6 11. h4 h5 12. O-O Bf5 13. Rfc1 O-O 14. Bh6 Qd4
15. Bxg7 Kxg7 16. Nd1 Rfd8 17. Ne3 Be6 18. a3 a5 19. Qc3 Na4 20. Qxd4+ Rxd4 21.
b3 Nb6 22. Rab1 Nd7 23. Bg2 a4 24. b4 Bb3 25. Nc4 Bxc4 26. dxc4 Ne5 27. c5 Rd2
28. f4 Ng4 29. Bf3 e5 30. b5 e4 31. Bxe4 Rxe2 32. bxc6 bxc6 33. Bxc6 Rd8 34.
Rc3 Nf2 35. Bg2 Nd1 36. Rcc1 Rd3 37. Rxd1 Rxg3 38. Rbc1 Rgxg2+ 39. Kf1 1/2-1/2

[Event "1.a HSL 19"]
[Site "Mali Losinj"]
[Date "2019.10.01"]
[Round "4.51"]
[White "Georgiev, Kiril"]
[Black "Indjic, Aleksandar"]
[Result "0-1"]
[WhiteElo "2581"]
[BlackElo "2628"]
[PlyCount "84"]
[EventDate "2019.??.??"]
[WhiteTeam "Šk Vukovar '91 Vukovar"]
[BlackTeam "Šk Đakovo Lim-Mont Đakovo"]

1. c4 e5 2. Nc3 Nf6 3. Nf3 Nc6 4. g3 d5 5. cxd5 Nxd5 6. Bg2 Nb6 7. d3 Be7 8. a3
a5 9. Be3 O-O 10. O-O Be6 11. Rc1 f5 12. Na4 e4 13. Ne1 Nd5 14. Bd2 Nf6 15. Nc5
Bxc5 16. Rxc5 Nd4 17. Bg5 Qe7 18. Rc3 Rad8 19. e3 Nb5 20. Rc1 c6 21. Qc2 Bd5
22. Qc5 Qxc5 23. Rxc5 b6 24. dxe4 bxc5 25. exd5 cxd5 26. Nd3 c4 27. Nc5 Kf7 28.
Nb7 Rd7 29. Nxa5 Rc8 30. Rc1 Ne4 31. a4 Ra7 32. axb5 Rxa5 33. Bf4 Rxb5 34. Be5
Ra8 35. Bf3 Rba5 36. Kg2 Ra1 37. Rc2 Rb1 38. g4 Raa1 39. Bxe4 fxe4 40. Bc3 g5
41. Kh3 Rg1 42. f4 exf3 0-1

[Event "1.a HSL 19"]
[Site "Mali Losinj"]
[Date "2019.10.01"]
[Round "4.52"]
[White "Sertic, Rudolf"]
[Black "Shchekachev, Andrei"]
[Result "0-1"]
[WhiteElo "2371"]
[BlackElo "2526"]
[PlyCount "50"]
[EventDate "2019.??.??"]
[WhiteTeam "Šk Đakovo Lim-Mont Đakovo"]
[BlackTeam "Šk Vukovar '91 Vukovar"]

1. d4 g6 2. e4 d6 3. Nf3 Nf6 4. Nc3 Bg7 5. Be2 O-O 6. O-O Nc6 7. Be3 a6 8. h3
e5 9. Qd2 exd4 10. Nxd4 Bd7 11. f4 Re8 12. Bf3 Na5 13. Bf2 Nc4 14. Qc1 c5 15.
Nb3 Bc6 16. Re1 Nd7 17. Nd2 Ndb6 18. Nxc4 Nxc4 19. Rb1 Qa5 20. Nd5 Bxd5 21.
exd5 Nd2 22. Ra1 Qb4 23. c3 Qxf4 24. Kh1 Rxe1+ 25. Bxe1 Be5 0-1

[Event "1.a HSL 19"]
[Site "Mali Losinj"]
[Date "2019.10.01"]
[Round "4.53"]
[White "Muse, Drazen"]
[Black "Biti, Ozren"]
[Result "1/2-1/2"]
[WhiteElo "2357"]
[BlackElo "2366"]
[PlyCount "85"]
[EventDate "2019.??.??"]
[WhiteTeam "Šk Vukovar '91 Vukovar"]
[BlackTeam "Šk Đakovo Lim-Mont Đakovo"]

1. Nf3 d6 2. d4 g6 3. e4 Nf6 4. Bd3 Bg7 5. c3 O-O 6. O-O Nc6 7. Na3 e5 8. dxe5
Nxe5 9. Nxe5 dxe5 10. Qe2 Qe7 11. Nc4 h6 12. b3 Rd8 13. Ba3 Qe8 14. Rad1 Nh5
15. g3 Bh3 16. Rfe1 b6 17. Qe3 Nf6 18. f3 a5 19. Be2 Rxd1 20. Rxd1 a4 21. b4 h5
22. Bc1 Nd7 23. Qd3 Be6 24. Ne3 Nf6 25. Qc2 Bf8 26. Nd5 Nxd5 27. exd5 Bf5 28.
Bd3 Bxd3 29. Qxd3 Qd7 30. a3 b5 31. Be3 Bd6 32. Kg2 Re8 33. c4 e4 34. fxe4 bxc4
35. Qxc4 Qg4 36. Rd4 h4 37. e5 h3+ 38. Kf2 Qf5+ 39. Rf4 Qxe5 40. Qd4 Qg5 41.
Rf3 Qe5 42. Rf4 Qg5 43. Rf3 1/2-1/2

[Event "1.a HSL 19"]
[Site "Mali Losinj"]
[Date "2019.10.01"]
[Round "4.54"]
[White "Ascic, Pero"]
[Black "Zovko, Mario"]
[Result "1/2-1/2"]
[WhiteElo "2318"]
[BlackElo "2324"]
[PlyCount "46"]
[EventDate "2019.??.??"]
[WhiteTeam "Šk Đakovo Lim-Mont Đakovo"]
[BlackTeam "Šk Vukovar '91 Vukovar"]

1. e4 d5 2. exd5 Qxd5 3. Nc3 Qa5 4. d4 Nf6 5. Bc4 c6 6. Nf3 Bf5 7. Ne5 e6 8.
O-O Nbd7 9. Re1 Nxe5 10. dxe5 Nd5 11. Bd2 Nxc3 12. Bxc3 Bb4 13. Bxb4 Qxb4 14.
Bb3 Rd8 15. Qf3 O-O 16. c3 Qb6 17. Rad1 Rxd1 18. Rxd1 Rd8 19. Rxd8+ Qxd8 20.
Qe3 b6 21. Qd4 Qxd4 22. cxd4 Be4 23. f3 Bd5 1/2-1/2

[Event "1.a HSL 19"]
[Site "Mali Losinj"]
[Date "2019.10.01"]
[Round "4.55"]
[White "Sindik, Ervin"]
[Black "Filipovic, Marko"]
[Result "1/2-1/2"]
[WhiteElo "2282"]
[BlackElo "2349"]
[PlyCount "53"]
[EventDate "2019.??.??"]
[WhiteTeam "Šk Vukovar '91 Vukovar"]
[BlackTeam "Šk Đakovo Lim-Mont Đakovo"]

1. e4 c5 2. Nf3 d6 3. d4 cxd4 4. Nxd4 Nf6 5. Nc3 a6 6. Nb3 Qc7 7. Be3 e5 8. Qd2
Be6 9. f3 Nbd7 10. g4 b5 11. g5 b4 12. Ne2 Nh5 13. Ng3 Nf4 14. O-O-O h6 15. h4
hxg5 16. hxg5 Rxh1 17. Nxh1 a5 18. Kb1 a4 19. Nd4 exd4 20. Bxf4 b3 21. cxb3
axb3 22. a3 Rc8 23. Rc1 Qxc1+ 24. Qxc1 Rxc1+ 25. Bxc1 d5 26. Nf2 dxe4 27. fxe4
1/2-1/2

[Event "1.a HSL 19"]
[Site "Mali Losinj"]
[Date "2019.10.01"]
[Round "4.56"]
[White "Drmic, Tomislav"]
[Black "Jukic, Zdenko"]
[Result "1-0"]
[WhiteElo "2224"]
[BlackElo "2305"]
[PlyCount "63"]
[EventDate "2019.??.??"]
[WhiteTeam "Šk Đakovo Lim-Mont Đakovo"]
[BlackTeam "Šk Vukovar '91 Vukovar"]

1. d4 Nf6 2. Bf4 d5 3. e3 e6 4. Nc3 c6 5. Bd3 Bd6 6. Qf3 Bxf4 7. Qxf4 Nbd7 8.
Nf3 Nh5 9. Qd6 Qe7 10. Qc7 f5 11. h3 Nhf6 12. O-O-O O-O 13. Rdg1 c5 14. g4 c4
15. Be2 Ne4 16. gxf5 Nxc3 17. bxc3 Rxf5 18. Rg2 g6 19. Rhg1 Qa3+ 20. Kd2 Nf6
21. Rxg6+ hxg6 22. Rxg6+ Kf8 23. Qg7+ Ke8 24. Rxf6 Rxf6 25. Qxf6 Qe7 26. Qe5 b5
27. Ng5 b4 28. Bg4 bxc3+ 29. Ke2 a5 30. Nxe6 Bxe6 31. Bxe6 Ra6 32. Qb8+ 1-0

[Event "1.a HSL 19"]
[Site "Mali Losinj"]
[Date "2019.10.02"]
[Round "5.11"]
[White "Indjic, Aleksandar"]
[Black "Inarkiev, Ernesto"]
[Result "1-0"]
[WhiteElo "2628"]
[BlackElo "2693"]
[PlyCount "111"]
[EventDate "2019.??.??"]
[WhiteTeam "Šk Đakovo Lim-Mont Đakovo"]
[BlackTeam "Šk Petar Sedlar Pepe Kaštel Novi"]

1. c4 Nf6 2. Nc3 e5 3. Nf3 Nc6 4. e3 Bb4 5. Qc2 Bxc3 6. bxc3 O-O 7. d3 d6 8.
Be2 Qe7 9. e4 Nh5 10. g3 Nd8 11. Nh4 Nf4 12. gxf4 Qxh4 13. f5 g6 14. Be3 f6 15.
Rg1 Kf7 16. Rg4 Qxh2 17. O-O-O gxf5 18. Rgg1 Rg8 19. Rh1 Qg2 20. f4 exf4 21.
Rdg1 Qxh1 22. Rxh1 fxe3 23. Rxh7+ Kg6 24. Rxc7 Rh8 25. d4 Nf7 26. Bd3 Rh1+ 27.
Kb2 Rh5 28. Qa4 Be6 29. Re7 Ng5 30. exf5+ Bxf5 31. Bxf5+ Kxf5 32. Qd7+ Kg6 33.
Rxe3 Rh2+ 34. Kb3 Rah8 35. Re7 Rf2 36. Rg7+ Kh6 37. Qxb7 Rf1 38. Ka3 Re8 39.
Re7 Rb1 40. Rh7+ Nxh7 41. Qxb1 Ng5 42. Qf5 Rf8 43. c5 dxc5 44. Qxc5 Re8 45. d5
Kg6 46. c4 Re2 47. Qd4 f5 48. d6 Ne6 49. Qd3 Re4 50. d7 Nd8 51. Qd5 Re3+ 52.
Ka4 Re6 53. Qa8 Nf7 54. Qg8+ Kf6 55. d8=Q+ Nxd8 56. Qxd8+ 1-0

[Event "1.a HSL 19"]
[Site "Mali Losinj"]
[Date "2019.10.02"]
[Round "5.12"]
[White "Dreev, Aleksey"]
[Black "Sertic, Rudolf"]
[Result "1-0"]
[WhiteElo "2661"]
[BlackElo "2371"]
[PlyCount "65"]
[EventDate "2019.??.??"]
[WhiteTeam "Šk Petar Sedlar Pepe Kaštel Novi"]
[BlackTeam "Šk Đakovo Lim-Mont Đakovo"]

1. d4 d5 2. Nf3 e6 3. Bf4 Nf6 4. e3 c5 5. c3 Nc6 6. Nbd2 Be7 7. h3 O-O 8. Bd3
b6 9. O-O a5 10. Qe2 c4 11. Bc2 b5 12. e4 Nd7 13. Rfe1 Ra7 14. h4 Nb6 15. h5 b4
16. Ne5 Nxe5 17. Bxe5 f6 18. Bg3 a4 19. a3 b3 20. Bd1 e5 21. exd5 exd4 22. Nxc4
Nxd5 23. cxd4 f5 24. Ne5 f4 25. Bh2 Rc7 26. Qb5 Bh4 27. Bf3 Ne3 28. fxe3 Bxe1
29. Rxe1 Be6 30. d5 Bf5 31. Qxa4 Qh4 32. Rf1 Re7 33. Qxf4 1-0

[Event "1.a HSL 19"]
[Site "Mali Losinj"]
[Date "2019.10.02"]
[Round "5.16"]
[White "Medak, Bojan"]
[Black "Vargic, Drago"]
[Result "1-0"]
[WhiteElo "2351"]
[BlackElo "2273"]
[PlyCount "73"]
[EventDate "2019.??.??"]
[WhiteTeam "Šk Petar Sedlar Pepe Kaštel Novi"]
[BlackTeam "Šk Đakovo Lim-Mont Đakovo"]

1. c4 e6 2. Nf3 c5 3. Nc3 Nf6 4. g3 d5 5. d4 dxc4 6. Qa4+ Bd7 7. Qxc4 cxd4 8.
Nxd4 Nc6 9. Bg2 Rc8 10. O-O Be7 11. Rd1 Na5 12. Qd3 O-O 13. Ndb5 a6 14. Nd6 Rb8
15. Bf4 Nc6 16. Nde4 e5 17. Nxf6+ Bxf6 18. Qxd7 exf4 19. Qf5 Nd4 20. Qxf4 Qb6
21. Rd2 Ne6 22. Nd5 Qa5 23. Nxf6+ gxf6 24. Qe3 Rfe8 25. Rd5 Qb4 26. Qd2 Qc4 27.
b3 Qc7 28. Rc1 Qb6 29. Rc4 Rbd8 30. h4 Rxd5 31. Qxd5 Rd8 32. Qf5 Nd4 33. Qg4+
Kf8 34. e3 Ne6 35. Qf3 Qa5 36. Qxf6 Qd2 37. Bh3 1-0

[Event "1.a HSL 19"]
[Site "Mali Losinj"]
[Date "2019.10.02"]
[Round "5.22"]
[White "Shchekachev, Andrei"]
[Black "Bosiocic, Marin"]
[Result "1/2-1/2"]
[WhiteElo "2526"]
[BlackElo "2619"]
[PlyCount "21"]
[EventDate "2019.??.??"]
[WhiteTeam "Šk Vukovar '91 Vukovar"]
[BlackTeam "Šk Rijeka Rijeka"]

1. Nf3 d5 2. d4 Nf6 3. c4 e6 4. Nc3 Bb4 5. Bg5 h6 6. Bxf6 Qxf6 7. Qb3 c5 8.
cxd5 exd5 9. a3 Bxc3+ 10. Qxc3 Nd7 11. e3 1/2-1/2

[Event "1.a HSL 19"]
[Site "Mali Losinj"]
[Date "2019.10.02"]
[Round "5.23"]
[White "Popov, Ivan"]
[Black "Muse, Drazen"]
[Result "1-0"]
[WhiteElo "2604"]
[BlackElo "2357"]
[PlyCount "113"]
[EventDate "2019.??.??"]
[WhiteTeam "Šk Rijeka Rijeka"]
[BlackTeam "Šk Vukovar '91 Vukovar"]

1. e4 Nc6 2. d4 d5 3. e5 Bf5 4. c3 Qd7 5. f4 f6 6. Nf3 Nh6 7. Be2 e6 8. O-O Be7
9. Kh1 O-O 10. Be3 Na5 11. Nbd2 b6 12. h3 Bg6 13. g4 f5 14. g5 Nf7 15. b4 Nb7
16. Ne1 c5 17. dxc5 bxc5 18. Nb3 cxb4 19. cxb4 Bxb4 20. Nc2 Bc3 21. Rb1 Rfc8
22. Ncd4 Nfd8 23. Ba6 Bf7 24. Qe2 Bb4 25. Kh2 Rc7 26. Nb5 Rc4 27. N5d4 Rc7 28.
Rfc1 Rxc1 29. Rxc1 Na5 30. Nc5 Qe7 31. Qb5 Bxc5 32. Qxc5 Qxc5 33. Rxc5 Nc4 34.
Bxc4 dxc4 35. Rxc4 a6 36. Bd2 h6 37. gxh6 gxh6 38. Ba5 Rb8 39. Kg3 Kf8 40. Bc7
Ra8 41. Bd6+ Kg7 42. Rc7 Kg6 43. Be7 Rb8 44. Bf6 Rb4 45. Nf3 Nb7 46. Nh4+ Kh5
47. Rxf7 Nc5 48. Ng2 Ne4+ 49. Kh2 Rb2 50. Re7 Nc5 51. Rh7 Kg6 52. Rc7 Nd3 53.
Kg3 Kh5 54. Rc3 Nf2 55. Ra3 Ne4+ 56. Kh2 Nc5 57. Be7 1-0

[Event "1.a HSL 19"]
[Site "Mali Losinj"]
[Date "2019.10.02"]
[Round "5.25"]
[White "Golubovic, Boris"]
[Black "Sindik, Ervin"]
[Result "1/2-1/2"]
[WhiteElo "2401"]
[BlackElo "2282"]
[PlyCount "66"]
[EventDate "2019.??.??"]
[WhiteTeam "Šk Rijeka Rijeka"]
[BlackTeam "Šk Vukovar '91 Vukovar"]

1. Nf3 c5 2. b3 Nf6 3. Bb2 g6 4. c4 Bg7 5. g3 b6 6. Bg2 Bb7 7. O-O O-O 8. e3 d5
9. Qe2 Nc6 10. d4 dxc4 11. bxc4 cxd4 12. exd4 Rc8 13. Na3 Na5 14. Rfd1 Ba6 15.
Rac1 Ne8 16. Ne5 Nd6 17. d5 Ndxc4 18. Naxc4 Nxc4 19. Nc6 Nxb2 20. Qxa6 Nxd1 21.
Qxc8 Qxc8 22. Nxe7+ Kh8 23. Rxc8 Rxc8 24. Nxc8 Bd4 25. d6 Nxf2 26. d7 Ng4+ 27.
Kf1 Bf6 28. Nxa7 Ne5 29. Bc6 Kg7 30. Bb5 Bd8 31. Ke2 Kf6 32. Nc6 Nxc6 33. Bxc6
Ke5 1/2-1/2

[Event "1.a HSL 19"]
[Site "Mali Losinj"]
[Date "2019.10.02"]
[Round "5.32"]
[White "Livaic, Leon"]
[Black "Martinovic, Sasa"]
[Result "1/2-1/2"]
[WhiteElo "2493"]
[BlackElo "2539"]
[PlyCount "58"]
[EventDate "2019.??.??"]
[WhiteTeam "Hašk Mladost Zagreb"]
[BlackTeam "Gšk Solin-Cemex Solin"]

1. Nf3 d5 2. b3 Bg4 3. Bb2 Nd7 4. g3 e5 5. h3 Bxf3 6. exf3 Ngf6 7. Bg2 Bc5 8.
O-O O-O 9. d3 c6 10. Nc3 a5 11. Qd2 Qc7 12. Rae1 Rfe8 13. a3 Qd6 14. Qc1 Bd4
15. h4 b5 16. Ne2 Bxb2 17. Qxb2 Re7 18. Nc3 Nb6 19. Re2 Rae8 20. Rfe1 Nfd7 21.
Bh3 h5 22. Nb1 g6 23. Nd2 f5 24. Bg2 Kh7 25. Kh2 Nf6 26. Kg1 Nbd7 27. b4 axb4
28. axb4 Nb6 29. c3 Na4 1/2-1/2

[Event "1.a HSL 19"]
[Site "Mali Losinj"]
[Date "2019.10.02"]
[Round "5.36"]
[White "Brumen, Dinko"]
[Black "Muse, Mladen"]
[Result "0-1"]
[WhiteElo "2317"]
[BlackElo "2387"]
[PlyCount "86"]
[EventDate "2019.??.??"]
[WhiteTeam "Hašk Mladost Zagreb"]
[BlackTeam "Gšk Solin-Cemex Solin"]

1. d4 Nf6 2. Nf3 e6 3. c4 b6 4. g3 Bb7 5. Bg2 Be7 6. O-O O-O 7. Nc3 d5 8. Ne5
c6 9. e4 dxc4 10. Nxc4 b5 11. Ne5 b4 12. Ne2 c5 13. dxc5 Bxc5 14. Qxd8 Rxd8 15.
Bg5 Nbd7 16. Nd3 Bb6 17. Nxb4 h6 18. Bxf6 Nxf6 19. e5 Bxg2 20. Kxg2 Rd2 21.
exf6 Rxe2 22. Nd3 Rd8 23. Rad1 gxf6 24. a4 a5 25. b3 e5 26. Kf3 Rc2 27. h4 Rc3
28. Ke2 Rxb3 29. Nc1 Rb2+ 30. Kf3 Rxf2+ 31. Rxf2 Rxd1 32. Rc2 f5 33. Rc6 Rf1+
34. Ke2 Rf2+ 35. Kd3 Bd4 36. Rxh6 Rf3+ 37. Ke2 Rxg3 38. Rh5 f4 39. Nd3 Kg7 40.
Kd2 Kg6 41. Rh8 Rg2+ 42. Ke1 Kf5 43. h5 Ke4 0-1

[Event "1.a HSL 19"]
[Site "Mali Losinj"]
[Date "2019.10.02"]
[Round "5.41"]
[White "Saric, Ibro"]
[Black "Lysyj, Igor"]
[Result "1/2-1/2"]
[WhiteElo "2564"]
[BlackElo "2596"]
[PlyCount "30"]
[EventDate "2019.??.??"]
[WhiteTeam "Šk Mornar Split"]
[BlackTeam "Šk Ferit-Osijek Osijek"]

1. d4 Nf6 2. c4 e6 3. Nf3 d5 4. g3 Be7 5. Bg2 O-O 6. O-O dxc4 7. Ne5 Nc6 8.
Bxc6 bxc6 9. Nxc6 Qe8 10. Nxe7+ Qxe7 11. Qa4 e5 12. dxe5 Qxe5 13. Qxc4 Be6 14.
Qc2 Bf5 15. Qc4 Be6 1/2-1/2

[Event "1.a HSL 19"]
[Site "Mali Losinj"]
[Date "2019.10.02"]
[Round "5.42"]
[White "Hracek, Zbynek"]
[Black "Saric, Ante"]
[Result "1/2-1/2"]
[WhiteElo "2572"]
[BlackElo "2559"]
[PlyCount "39"]
[EventDate "2019.??.??"]
[WhiteTeam "Šk Ferit-Osijek Osijek"]
[BlackTeam "Šk Mornar Split"]

1. e4 c5 2. Nf3 g6 3. d4 cxd4 4. Nxd4 Nc6 5. c4 Nf6 6. Nc3 d6 7. Be2 Nxd4 8.
Qxd4 Bg7 9. Be3 O-O 10. Qd2 Be6 11. Rc1 Qa5 12. f3 Rfc8 13. b3 a6 14. Na4 Qxd2+
15. Kxd2 Nd7 16. g4 f5 17. gxf5 gxf5 18. Rhg1 Kh8 19. Bd3 f4 20. Bf2 1/2-1/2

[Event "1.a HSL 19"]
[Site "Mali Losinj"]
[Date "2019.10.02"]
[Round "5.43"]
[White "Galyas, Miklos"]
[Black "Leventic, Ivan"]
[Result "1/2-1/2"]
[WhiteElo "2474"]
[BlackElo "2389"]
[PlyCount "36"]
[EventDate "2019.??.??"]
[WhiteTeam "Šk Mornar Split"]
[BlackTeam "Šk Ferit-Osijek Osijek"]

1. Nf3 d5 2. c4 dxc4 3. e4 Nf6 4. e5 Nd5 5. Bxc4 Nb6 6. Bb3 Bf5 7. O-O e6 8. d4
Be7 9. Nc3 O-O 10. d5 exd5 11. Nxd5 Nxd5 12. Bxd5 c6 13. Bc4 Bg4 14. Qe2 Nd7
15. Rd1 Kh8 16. e6 fxe6 17. Bxe6 Bxe6 18. Qxe6 Nc5 1/2-1/2

[Event "1.a HSL 19"]
[Site "Mali Losinj"]
[Date "2019.10.02"]
[Round "5.44"]
[White "Zivkovic, Vjekoslav"]
[Black "Plenca, Julijan"]
[Result "1/2-1/2"]
[WhiteElo "2362"]
[BlackElo "2423"]
[PlyCount "87"]
[EventDate "2019.??.??"]
[WhiteTeam "Šk Ferit-Osijek Osijek"]
[BlackTeam "Šk Mornar Split"]

1. e4 c5 2. Nf3 Nc6 3. Bb5 d6 4. d4 cxd4 5. Qxd4 Bd7 6. Qd3 Rc8 7. c4 Nf6 8.
Nc3 g6 9. O-O Bg7 10. Be3 b6 11. Bxc6 Bxc6 12. Nd5 e6 13. Nxf6+ Bxf6 14. Bd4 e5
15. Bc3 O-O 16. Bb4 Be7 17. Rfd1 f5 18. Qa3 Bxe4 19. Nxe5 Rf6 20. Bc3 Qc7 21.
Nf3 Rf7 22. Bb4 Rd8 23. Qb3 Bxf3 24. gxf3 Bf6 25. Bc3 Be5 26. Bxe5 dxe5 27.
Rxd8+ Qxd8 28. Rd1 Qg5+ 29. Kh1 Qh4 30. Qe3 Re7 31. b3 Kf7 32. Rd5 e4 33. f4
Qg4 34. h3 Qh4 35. Kg2 Qf6 36. a4 h6 37. a5 g5 38. axb6 axb6 39. fxg5 hxg5 40.
Qd4 Qxd4 41. Rxd4 Ke6 42. Rd5 Rc7 43. Rb5 Rc6 44. Kf1 1/2-1/2

[Event "1.a HSL 19"]
[Site "Mali Losinj"]
[Date "2019.10.02"]
[Round "5.51"]
[White "Kryvoruchko, Yuriy"]
[Black "Tomashevsky, Evgeny"]
[Result "1/2-1/2"]
[WhiteElo "2669"]
[BlackElo "2718"]
[PlyCount "61"]
[EventDate "2019.??.??"]
[WhiteTeam "Šk Zagreb Zagreb"]
[BlackTeam "Šk Liburnija Rijeka"]

1. e4 e5 2. Nf3 Nc6 3. Bb5 a6 4. Ba4 Nf6 5. O-O Be7 6. d3 b5 7. Bb3 d6 8. a4
Bd7 9. c3 O-O 10. Bc2 h6 11. Re1 Re8 12. Nbd2 Bf8 13. Nf1 b4 14. Bd2 bxc3 15.
bxc3 Na5 16. d4 c6 17. Rb1 Qc7 18. Ne3 Rab8 19. c4 Ng4 20. dxe5 Rxb1 21. Bxb1
Nxe5 22. Ba2 Nb7 23. Bb1 Nc5 24. Bc3 Be6 25. Nd4 Qc8 26. Ndf5 Bxf5 27. exf5 Qd8
28. Bc2 Be7 29. f4 Ned7 30. Ng4 Bf6 31. Rxe8+ 1/2-1/2

[Event "1.a HSL 19"]
[Site "Mali Losinj"]
[Date "2019.10.02"]
[Round "5.52"]
[White "Saric, Ivan"]
[Black "Malakhov, Vladimir"]
[Result "1/2-1/2"]
[WhiteElo "2667"]
[BlackElo "2662"]
[PlyCount "67"]
[EventDate "2019.??.??"]
[WhiteTeam "Šk Liburnija Rijeka"]
[BlackTeam "Šk Zagreb Zagreb"]

1. e4 e5 2. Nf3 Nc6 3. Bb5 Nf6 4. d3 Bc5 5. Bxc6 dxc6 6. Nbd2 Be6 7. O-O Bd6 8.
d4 Nd7 9. dxe5 Nxe5 10. Nxe5 Bxe5 11. f4 Bd4+ 12. Kh1 f5 13. Qe2 O-O 14. Nf3
Bf6 15. e5 Be7 16. Rd1 Qe8 17. Nd4 Qf7 18. Nxe6 Qxe6 19. Be3 Rfd8 20. a4 a6 21.
h3 g6 22. c4 Kf7 23. Kh2 Rxd1 24. Rxd1 Rd8 25. Rxd8 Bxd8 26. Qd3 Be7 27. a5 Ke8
28. Kg3 Bb4 29. Kf2 Qd7 30. Qb3 c5 31. Qc2 Kf7 32. Qe2 Bxa5 33. Bxc5 Qd2 34.
Qxd2 1/2-1/2

[Event "1.a HSL 19"]
[Site "Mali Losinj"]
[Date "2019.10.02"]
[Round "5.55"]
[White "Palac, Mladen"]
[Black "Jovanic, Ognjen"]
[Result "1/2-1/2"]
[WhiteElo "2544"]
[BlackElo "2532"]
[PlyCount "85"]
[EventDate "2019.??.??"]
[WhiteTeam "Šk Zagreb Zagreb"]
[BlackTeam "Šk Liburnija Rijeka"]

1. e4 e5 2. Nf3 Nc6 3. Bb5 Nf6 4. d3 Bc5 5. Bxc6 dxc6 6. Nbd2 Be6 7. O-O Nd7 8.
Nb3 Bb6 9. Ng5 Bxb3 10. axb3 f6 11. Nf3 O-O 12. Nd2 Nc5 13. Nc4 Ne6 14. Kh1 Bc5
15. Be3 Bxe3 16. Nxe3 a5 17. g3 b6 18. Rb1 Qd7 19. f4 Nd4 20. f5 Rfd8 21. g4 h6
22. h4 Kf7 23. Kg2 Rh8 24. c3 Nb5 25. Rf3 Rad8 26. Nf1 Nd6 27. Ng3 Nb7 28. Qc2
c5 29. Kf2 Nd6 30. Ke2 Ra8 31. Ra1 Nb5 32. Kf2 Rad8 33. Kg2 Nd6 34. Nf1 Ke7 35.
Ne3 c6 36. Rg3 Nf7 37. Nc4 Qc7 38. Qe2 Rd7 39. Kf2 Rhd8 40. Re3 Qb8 41. Nd2 Qc7
42. Nc4 Qb8 43. Nd2 1/2-1/2

[Event "1.a HSL 19"]
[Site "Mali Losinj"]
[Date "2019.10.02"]
[Round "5.56"]
[White "Plenca, Jadranko"]
[Black "Zelcic, Robert"]
[Result "1/2-1/2"]
[WhiteElo "2469"]
[BlackElo "2503"]
[PlyCount "101"]
[EventDate "2019.??.??"]
[WhiteTeam "Šk Liburnija Rijeka"]
[BlackTeam "Šk Zagreb Zagreb"]

1. e4 c6 2. Nc3 d5 3. Nf3 dxe4 4. Nxe4 Nf6 5. Qe2 Nxe4 6. Qxe4 Qa5 7. Bd3 Na6
8. Qe5 Qxe5+ 9. Nxe5 Nb4 10. Be4 Be6 11. c3 Nd5 12. d4 Nf6 13. Bc2 g6 14. O-O
Bg7 15. Re1 O-O 16. a4 a5 17. h3 Rfe8 18. Bf4 Rac8 19. Rad1 c5 20. dxc5 Rxc5
21. Nf3 Nd5 22. Bc1 Nb4 23. Be4 Nc6 24. Be3 Rh5 25. Ng5 Bb3 26. Rd7 h6 27. Rxb7
Bxa4 28. Ra1 Nd8 29. Rb8 Ne6 30. Nxe6 Rxb8 31. Nxg7 Kxg7 32. Rxa4 Rxb2 33. c4
Rb4 34. Rxb4 axb4 35. c5 Kf8 36. Kf1 b3 37. Ke2 Re5 38. Bd3 b2 39. Bb1 f5 40.
Kd3 f4 41. Bd4 Re1 42. Kc2 Rc1+ 43. Kxb2 Rc4 44. Bc3 g5 45. Kc2 Rxc5 46. Kd3
Kf7 47. Ba2+ Kg6 48. Kd4 Rb5 49. Bc4 e5+ 50. Kd3 Rc5 51. Bb4 1/2-1/2

[Event "1.a HSL 19"]
[Site "Mali Losinj"]
[Date "2019.10.03"]
[Round "6.11"]
[White "Inarkiev, Ernesto"]
[Black "Tomashevsky, Evgeny"]
[Result "1/2-1/2"]
[WhiteElo "2693"]
[BlackElo "2718"]
[PlyCount "137"]
[EventDate "2019.??.??"]
[WhiteTeam "Šk Petar Sedlar Pepe Kaštel Novi"]
[BlackTeam "Šk Liburnija Rijeka"]

1. e4 e5 2. Nf3 Nc6 3. Bb5 a6 4. Ba4 Nf6 5. O-O Be7 6. Re1 b5 7. Bb3 O-O 8. c3
d5 9. exd5 Nxd5 10. Nxe5 Nxe5 11. Rxe5 c6 12. d3 Bd6 13. Re1 Bf5 14. Qf3 Qh4
15. g3 Qh3 16. Be3 Bxd3 17. Nd2 Bf5 18. Bd4 Rfe8 19. a4 Bg4 20. Qg2 Qh5 21. f3
Be6 22. Ne4 Bf8 23. Bc2 Rad8 24. Qf2 Bc8 25. Rad1 f6 26. Bb3 Kh8 27. Nc5 Bxc5
28. Bxc5 Rxe1+ 29. Rxe1 Re8 30. c4 Nc7 31. Bd6 Ne6 32. f4 Nd4 33. Bd1 Rxe1+ 34.
Qxe1 Qf7 35. cxb5 axb5 36. Qe4 Nf5 37. Bc5 bxa4 38. Bxa4 Bd7 39. Bxc6 Bxc6 40.
Qxc6 g6 41. g4 Ng7 42. Bd4 Ne6 43. Bc3 Kg7 44. g5 Qa7+ 45. Kf1 Kf7 46. Bxf6
Nxf4 47. Bc3 Ne6 48. Qf3+ Ke8 49. Qc6+ Kf7 50. h4 Qe7 51. b4 Qc7 52. b5 Qxc6
53. bxc6 Nc7 54. Be5 Nd5 55. c7 Ne7 56. Bd6 Nc8 57. Bg3 Ke6 58. Ke2 Kd7 59. Kf3
Ne7 60. h5 gxh5 61. Ke4 h4 62. Bh2 h3 63. Bg3 Nc8 64. Kf5 Ne7+ 65. Ke4 Nc8 66.
Bf4 Nb6 67. Bh2 Na8 68. c8=Q+ Kxc8 69. Kf5 1/2-1/2